000 00789nam a2200205 i 4500
001 70897
003 ES-MaACL
005 20231218175654.0
007 t|
008 040804s1962 sp ||||1| spa d
100 1 _aGarrigues Walker, Antonio,
_d1934-
_955772
245 1 0 _aRevisión de la ordenación legal sobre inversiones extranjeras /
_cJ. & A. Garrigues (Antonio Garrigues Walker en colaboración con José Fernandez García y Antonio Barragan Lozano.
260 _aMadrid :
_b[s.n.,
_c1962] (
_fSilverio Aguirre)
300 _a135 p. ;
_c25 cm.
650 0 4 _aInversiones extranjeras-
_zEspaña.
_913889
700 1 _aFernández García, José.
_949810
700 1 _aBarragán Lozano, Antonio.
_925828
852 _aES-MaACL
_jC-25209
_bR.50564
999 _c70897
_d70897